000 00670nam a2200181Ia 4500
008 090201s9999 xx 000 0 und d
010 _aKPL-73465
040 _bमराठी
041 _aमराठी
082 _a53949
_b73465
100 _a"मंदार दातार, साने हेमा"
245 _aयक्षपुष्पे ऑर्किड्स
_c"मंदार दातार, साने हेमा"
250 _a1
260 _c2005
_bकॉन्टिनेन्टल प्रकाशन
300 _a90
_bमध्यम
600 _aयक्षपुष्पे ऑर्किड्स
942 _cBOOK
999 _c250360
_d250360